| LEADER | 01222nam a2200349 a 4500 | ||
|---|---|---|---|
| 001 | 000731205 | ||
| 003 | CZ BrMZK | ||
| 005 | 20041103113739.0 | ||
| 007 | ta | ||
| 008 | 040831s2004 xr a er 000 0 cze d | ||
| 020 | |q (brož.) | ||
| 040 | |a BOA001 |b cze | ||
| 043 | |a e-xr--- |b e-xr-zl |2 czenas | ||
| 072 | 7 | |a 334 |x Formy organizace a spolupráce v ekonomice |2 Konspekt |9 4 | |
| 080 | |a 334.716 |2 MRF | ||
| 080 | |a 629.7 |2 MRF | ||
| 080 | |a 621.38-027.3 |2 MRF | ||
| 080 | |a (437.323) |2 MRF | ||
| 080 | |a (036) |2 MRF | ||
| 245 | 0 | 0 | |a MESIT přístroje : |b společnost skupiny MESIT : 1994-2004 |
| 260 | |a V Uherském Hradišti : |b [MESIT], |c 2004 | ||
| 300 | |a [24] s. : |b il. ; |c 21 cm | ||
| 500 | |a Název a podnázev z obálky | ||
| 650 | 0 | 7 | |a průmyslové podniky |7 ph115931 |z Česko |2 czenas |
| 650 | 0 | 7 | |a letecká technika |7 ph254888 |2 czenas |
| 650 | 0 | 7 | |a přesná mechanika |7 ph124910 |2 czenas |
| 655 | 7 | |a informační publikace |7 fd132454 |2 czenas | |
| 610 | 2 | 7 | |a MESIT přístroje (firma) |7 mzk2004237524 |2 czenas |
| 651 | 7 | |a Uherské Hradiště (Česko) |7 ge131201 |2 czenas | |
| 910 | |a BOA001 |b 2-1140.915 | ||
| 990 | |a BK | ||
| 996 | 6 | |b 2610229857 |c 2-1140.915 |l MZK |r Sklad / do 1 hodiny |n 0 |p p.v. |w 000731205 |u 000010 |a 1 |e BOA001 |j MZK50 |s P | |
English
Čeština 